Nuclear waste disposal

Bibliographic Details
Main Author: Hare, Tony
Format: Book
Published: London : Gloucester Press , 1990
Series:Save our earth
Subjects:

MARC

LEADER 00000cam a2200000 7i4500
001 0000005428
002 000005866
005 20000330.0
020 |a 0749604425 
090 0 0 |a J 363.7   |b HAR 
100 1 |a Hare, Tony 
245 1 0 |a Nuclear waste disposal   |c Tony Hare 
260 |a London :   |b Gloucester Press ,   |c 1990 
300 |a 32p :   |b illust ;   |c 29 cm. 
490 0 |a Save our earth 
650 0 0 |a Waste disposal 
999 |a 026853   |b BUKU   |c JUNIOR REFERENCE   |e PERPUSTAKAAN KOMUNITI CAW KOTA DAMANSARA